=LDR 00000nam 2200000 4500 =001 INLIS000000000043302 =005 20131008103042 =008 ***********************************ind** =035 ##$$0010-101300000001224 =041 ##$$a ind =082 ##$$a 001.422 =090 ##$$a 001.422, Fur s =100 ##$$a FURQON =245 ##$$a Statistik terapan untuk penelitian, Furqon =260 ##$$a 2002 $b Bandung =300 ##$$a iv, 230 hlm., ilus, 24 cm =650 ##$$a METODE STATISTIKA =850 ##$$a NBPNMAT